00412nam a2200109Ia 4500008004100000050002400041100002200065245007400087260008600161300002800247521002700275140724s9999 xx 000 0 und d aQA 76.5b.Or72 2009 aOrlondo, Romeo I. aAutomated billing system of Johndel Beach Resort /cRomeo I. Orlondo. aLas Piñas, Philippines :bSouthville International School and Colleges,cc2009. a63 p. :bill. ;c28 cm. aInformation Technology